KOHA-Header-6

Schaum's outlines Microeconomics (Record no. 12062)

000 -LEADER
fixed length control field 00277nam a22001217a 4500
082 ## - DEWEY DECIMAL CLASSIFICATION NUMBER
Classification number 338.5
245 ## - TITLE STATEMENT
Title Schaum's outlines Microeconomics
Remainder of title Dominick Salvatore
250 ## - EDITION STATEMENT
Edition statement 3rd
260 ## - PUBLICATION, DISTRIBUTION, ETC. (IMPRINT)
Place of publication India
Name of publisher McGraw Hill
Year of publication 1992
300 ## - PHYSICAL DESCRIPTION
Number of Pages 408
650 ## - SUBJECT ADDED ENTRY--TOPICAL TERM
Topical Term Economics
942 ## - ADDED ENTRY ELEMENTS (KOHA)
Koha item type Books
Holdings
Withdrawn status Lost status Permanent Location Current Location Shelving location Full call number Accession Number Koha item type
    MAJU MAJU Shelf No.A47 338.5 2005 Books

Powered by Koha